000 00688nam a2200241Ia 4500
003 OSt
005 20220924123416.0
006 a|||||r|||| 00| 0
007 ta
008 220923b |||||||| |||| 00| 0 ara d
024 _a344991
037 _cTextual
040 _aARTS
_cARTS
_bara
041 _2ara
_aara
082 _aV674.D, 28K6
100 _aAleem Mustafa Kamal Abdul Au.
_9192698
245 0 _aDarasat fi tareekh Libya al-qadeem
260 _aNaghazi
_bMatba-i-al-ahliyah
_c1966
300 _a217p.
_ccm.
650 _aLIBYA - HISTORY
_9192699
942 _hV674.D, 28K6
_cTEXL
_2CC
999 _c415579
_d415579